<?xml version="1.0" encoding="UTF-8"?><?xml-stylesheet type="text/xsl" href="static/style.xsl"?><OAI-PMH xmlns="http://www.openarchives.org/OAI/2.0/" xmlns:xsi="http://www.w3.org/2001/XMLSchema-instance" xsi:schemaLocation="http://www.openarchives.org/OAI/2.0/ http://www.openarchives.org/OAI/2.0/OAI-PMH.xsd"><responseDate>2026-04-17T03:28:38Z</responseDate><request verb="GetRecord" identifier="oai:www.recercat.cat:2117/191218" metadataPrefix="marc">https://recercat.cat/oai/request</request><GetRecord><record><header><identifier>oai:recercat.cat:2117/191218</identifier><datestamp>2025-07-23T05:58:49Z</datestamp><setSpec>com_2072_1033</setSpec><setSpec>col_2072_452951</setSpec></header><metadata><record xmlns="http://www.loc.gov/MARC21/slim" xmlns:dcterms="http://purl.org/dc/terms/" xmlns:xsi="http://www.w3.org/2001/XMLSchema-instance" xmlns:doc="http://www.lyncode.com/xoai" xsi:schemaLocation="http://www.loc.gov/MARC21/slim http://www.loc.gov/standards/marcxml/schema/MARC21slim.xsd">
   <leader>00925njm 22002777a 4500</leader>
   <datafield ind2=" " ind1=" " tag="042">
      <subfield code="a">dc</subfield>
   </datafield>
   <datafield ind2=" " ind1=" " tag="720">
      <subfield code="a">Navarro Ruiz, Juan Antonio</subfield>
      <subfield code="e">author</subfield>
   </datafield>
   <datafield ind2=" " ind1=" " tag="260">
      <subfield code="c">2006</subfield>
   </datafield>
   <datafield ind2=" " ind1=" " tag="520">
      <subfield code="a">El proyecto pretende establecer las diferencias y similitudes de percepción de riesgos entre el trabajador y el técnico de prevención, así como tratar de establecer los parámetros que influyen en las diferencias e igualdades en dicha percepción del riesgo. Para la elaboración de este estudio se ha llevado a cabo una recopilación de información de métodos de evaluación de riesgos vigentes, índices de accidentes, perfiles psicológicos del trabajador, el concepto de riesgo y peligro y factores de influencia en riesgos laborales y percepción, que en mayor o menor medida se ven reflejados en este proyecto. Pero además de dicha recopilación de información, se ha llevado a cabo para el estudio, lo que constituye el tronco central de este trabajo; la elaboración, distribución y análisis de resultados de un cuestionario de dos partes, una parte de preguntas tipo test y otra parte gráfica de valoración de situaciones de riesgos. Los conocimientos principales asociados y empleados en la elaboración de este trabajo en el contexto de la carrera, son principalmente de métodos de evaluación de riesgos, psicosociología, estadística y prevención de riesgos laborales.</subfield>
   </datafield>
   <datafield tag="653" ind2=" " ind1=" ">
      <subfield code="a">Àrees temàtiques de la UPC::Edificació::Seguretat en la construcció</subfield>
   </datafield>
   <datafield tag="653" ind2=" " ind1=" ">
      <subfield code="a">Building -- Safety measures</subfield>
   </datafield>
   <datafield tag="653" ind2=" " ind1=" ">
      <subfield code="a">Industrial hygiene</subfield>
   </datafield>
   <datafield tag="653" ind2=" " ind1=" ">
      <subfield code="a">Construcció -- Mesures de seguretat</subfield>
   </datafield>
   <datafield tag="653" ind2=" " ind1=" ">
      <subfield code="a">Salut en el treball</subfield>
   </datafield>
   <datafield ind2="0" ind1="0" tag="245">
      <subfield code="a">Estudio de campo sobre la diferencia de percepción del riesgo entre el trabajador y el técnico de seguridad en el sector de la construcción</subfield>
   </datafield>
</record></metadata></record></GetRecord></OAI-PMH>